[Event "Clusane op 1st"]
[Site "Clusane"]
[Date "2024.03.01"]
[Round "3"]
[White "Gagliardi, Christian"]
[Black "Jakovljevic, Vlado"]
[Result "0-1"]
[WhiteElo "2154"]
[BlackElo "2356"]
[PlyCount "46"]
[EventDate "2024.02.29"]
[EventType "swiss"]
[EventRounds "7"]
[EventCountry "ITA"]
[SourceTitle "CB11_2024"]
[SourceDate "2024.03.13"]
[SourceVersion "1"]
[SourceVersionDate "2024.03.13"]
[SourceQuality "1"]

1. d4 d5 2. Bf4 c5 3. e3 Nc6 4. c3 Qb6 5. Qb3 c4 6. Qc2 e5 7. dxe5 Bf5 8. Qc1 g5 9. Bg3 h5 10. h4 g4 11. Ne2 Bg7 12. Nf4 Nge7 13. Be2 Nxe5 14. 0-0 N5g6 15. Nd2 Nxf4 16. Bxf4 Ng6 17. Bg3 Rc8 18. e4 Bxe4 19. Nxe4 dxe4 20. b3 cxb3 21. Qg5 Rxc3 22. Bb5+ Kf8 23. Rad1 Bf6 0-1

[Event "BIH-chT 21st"]
[Site "Sarajevo"]
[Date "2023.11.07"]
[Round "8.3"]
[White "Jakovljevic, Vlado"]
[Black "Tadic, Branko"]
[Result "0-1"]
[WhiteElo "2369"]
[BlackElo "2429"]
[PlyCount "68"]
[EventDate "2023.10.31"]
[EventType "team-tourn"]
[EventRounds "9"]
[EventCountry "BIH"]
[SourceTitle "Mega2024 Update 01"]
[Source "Chessbase"]
[SourceDate "2023.11.12"]
[SourceVersion "1"]
[SourceVersionDate "2023.11.12"]
[SourceQuality "1"]
[WhiteTeam "Pazaric Bjelasnica"]
[BlackTeam "Zenica Napredak"]
[WhiteTeamCountry "BIH"]
[BlackTeamCountry "BIH"]

1. Nf3 Nf6 2. c4 g6 3. d4 Bg7 4. g3 0-0 5. Bg2 c5 6. 0-0 cxd4 7. Nxd4 Nc6 8. Nc3 Qa5 9. Nb3 Qh5 10. c5 a5 11. e3 a4 12. Qxh5 Nxh5 13. Nd4 Nxd4 14. exd4 Bxd4 15. Nd5 Ra5 16. Nxe7+ Kg7 17. Rd1 Be5 18. Be3 Nf6 19. h3 Rb5 20. Rab1 d5 21. cxd6 Be6 22. b3 axb3 23. axb3 Rd8 24. Bf1 Rxb3 25. Rxb3 Bxb3 26. Rb1 Be6 27. Rxb7 Rxd6 28. Bg2 Bd7 29. Rb6 Rd3 30. Bc5 Rc3 31. Bd6 Bd4 32. Rb4 Rc1+ 33. Bf1 Bxh3 34. Rxd4 Ng4 0-1

[Event "Belgrade-chT Quality"]
[Site "Belgrade"]
[Date "2022.10.01"]
[Round "1.2"]
[White "Jakovljevic, Vlado"]
[Black "Petrekanovic, Miroslav"]
[Result "1-0"]
[WhiteElo "2355"]
[BlackElo "2148"]
[PlyCount "83"]
[EventDate "2022.10.01"]
[EventType "team-tourn"]
[EventRounds "11"]
[EventCountry "SRB"]
[SourceTitle "CBM 210 Extra"]
[Source "ChessBase"]
[SourceDate "2022.11.30"]
[SourceVersion "1"]
[SourceVersionDate "2022.11.30"]
[SourceQuality "1"]
[WhiteTeam "Belgrade Partizan"]
[BlackTeam "Belgrade Banjica"]
[WhiteTeamCountry "SRB"]
[BlackTeamCountry "SRB"]

1. Nf3 d5 2. d4 Bf5 3. c4 e6 4. Nc3 Nc6 5. cxd5 exd5 6. Bf4 Bd6 7. Bxd6 Qxd6 8. Rc1 Nf6 9. e3 0-0 10. Be2 Ne4 11. 0-0 Nxc3 12. bxc3 Qa3 13. Qb3 Qxb3 14. axb3 Rfe8 15. Bb5 Re6 16. c4 Nb4 17. Bd7 Rf6 18. Bxf5 Rxf5 19. cxd5 Rxd5 20. Rxc7 Rb5 21. Rfc1 f6 22. Rd7 Na6 23. Rc3 Re8 24. Nd2 Kf8 25. Kf1 Nb8 26. Rdc7 Na6 27. Rc8 Ra5 28. e4 Ra2 29. Ke2 Kf7 30. Rc2 Ra1 31. Rxe8 Kxe8 32. Rc8+ Ke7 33. d5 Ra2 34. f4 b6 35. e5 fxe5 36. fxe5 Nc5 37. Ke3 a5 38. Rc7+ Kf8 39. Ne4 Nxe4 40. Kxe4 Rxg2 41. d6 Rd2 42. Kf5 1-0

[Event "BIH-chT 20th"]
[Site "Neum"]
[Date "2022.09.11"]
[Round "2.1"]
[White "Dizdarevic, Emir"]
[Black "Jakovljevic, Vlado"]
[Result "1/2-1/2"]
[WhiteElo "2378"]
[BlackElo "2369"]
[PlyCount "48"]
[EventDate "2022.09.10"]
[EventType "team-tourn"]
[EventRounds "9"]
[EventCountry "BIH"]
[SourceTitle "CBM 210 Extra"]
[Source "ChessBase"]
[SourceDate "2022.11.30"]
[SourceVersion "1"]
[SourceVersionDate "2022.11.30"]
[SourceQuality "1"]
[WhiteTeam "Sarajevo Napredak"]
[BlackTeam "Pazaric Bjelasnica"]
[WhiteTeamCountry "BIH"]
[BlackTeamCountry "BIH"]

1. Nf3 Nf6 2. g3 d5 3. Bg2 g6 4. b3 Bg7 5. Bb2 0-0 6. c4 e6 7. 0-0 b6 8. cxd5 exd5 9. Nc3 Bb7 10. e3 Nbd7 11. Rc1 a6 12. Ne2 Re8 13. Rc2 Rc8 14. d4 Ne4 15. Nf4 c6 16. Nd3 Qe7 17. Qc1 Bf8 18. Nfe5 Nxe5 19. Nxe5 f6 20. Nd3 Qd7 21. Re1 Bh6 22. Qd1 Bf8 23. Qc1 Bh6 24. Qd1 Bf8 1/2-1/2

[Event "Bihac"]
[Site "Bihac"]
[Date "2022.06.03"]
[Round "9"]
[White "Jakovljevic, Vlado"]
[Black "Ramoutar, Alan Safar"]
[Result "1/2-1/2"]
[WhiteElo "2359"]
[BlackElo "2477"]
[PlyCount "25"]
[EventDate "2022.05.28"]
[EventType "tourn"]
[EventRounds "9"]
[EventCountry "BIH"]
[EventCategory "6"]
[SourceTitle "CBM 208 Extra"]
[Source "ChessBase"]
[SourceDate "2022.07.31"]
[SourceVersion "1"]
[SourceVersionDate "2022.07.31"]
[SourceQuality "1"]

1. d4 e6 2. c4 d5 3. Nf3 Nf6 4. Nc3 Be7 5. Bg5 h6 6. Bh4 0-0 7. e3 Ne4 8. Bxe7 Qxe7 9. Rc1 c6 10. Bd3 Nxc3 11. Rxc3 dxc4 12. Bxc4 Nd7 13. 0-0 1/2-1/2

[Event "Bihac"]
[Site "Bihac"]
[Date "2022.06.01"]
[Round "7"]
[White "Jakovljevic, Vlado"]
[Black "Srbis, Jurica"]
[Result "0-1"]
[WhiteElo "2359"]
[BlackElo "2451"]
[PlyCount "64"]
[EventDate "2022.05.28"]
[EventType "tourn"]
[EventRounds "9"]
[EventCountry "BIH"]
[EventCategory "6"]
[SourceTitle "CBM 208 Extra"]
[Source "ChessBase"]
[SourceDate "2022.07.31"]
[SourceVersion "1"]
[SourceVersionDate "2022.07.31"]
[SourceQuality "1"]

1. Nf3 Nf6 2. c4 e6 3. Nc3 c5 4. g3 d5 5. cxd5 Nxd5 6. Bg2 Nc6 7. 0-0 Be7 8. Nxd5 exd5 9. d4 0-0 10. dxc5 Bxc5 11. Bg5 Qb6 12. Ne1 h6 13. Bf4 Bg4 14. h3 Bh5 15. Nd3 Bd4 16. Rc1 Rad8 17. g4 Bg6 18. b3 Rfe8 19. e3 Bf6 20. Re1 Be4 21. Nc5 Bxg2 22. Kxg2 d4 23. exd4 Bxd4 24. Rxe8+ Rxe8 25. Nd3 Qa5 26. Rc2 Bb6 27. Rd2 Nd4 28. Ne1 Qd5+ 29. Nf3 Re1 30. Rxd4 Rxd1 31. Rxd5 Rxd5 32. Bd2 Rd3 0-1

[Event "New York Spring IM-C"]
[Site "New York"]
[Date "2022.04.16"]
[Round "4"]
[White "Ngo, Bach"]
[Black "Jakovljevic, Vlado"]
[Result "1/2-1/2"]
[WhiteElo "2332"]
[BlackElo "2353"]
[PlyCount "177"]
[EventDate "2022.04.14"]
[EventType "tourn"]
[EventRounds "9"]
[EventCountry "USA"]
[SourceTitle "CBM 207 Extra"]
[Source "ChessBase"]
[SourceDate "2022.05.31"]
[SourceVersion "1"]
[SourceVersionDate "2022.05.31"]
[SourceQuality "1"]

1. d4 d5 2. Nf3 Nf6 3. c4 e6 4. Nc3 c6 5. e3 Nbd7 6. Qc2 Bd6 7. b3 0-0 8. Be2 b6 9. 0-0 Bb7 10. Bb2 Qe7 11. Rad1 Rad8 12. Rfe1 Rfe8 13. g3 Bb4 14. a3 Bxc3 15. Qxc3 c5 16. Nd2 Rc8 17. Bf3 Red8 18. Rc1 Ba6 19. Red1 cxd4 20. exd4 dxc4 21. bxc4 Bxc4 22. Nxc4 b5 23. Qb3 bxc4 24. Rxc4 Rxc4 25. Qxc4 Nb6 26. Qc5 Qd7 27. Bc6 Qc7 28. Rc1 Rc8 29. a4 Qd8 30. Qe5 Nbd5 31. Bb5 h6 32. Qe1 Rc7 33. Ba3 Qc8 34. Rxc7 Qxc7 35. Qe5 Qc2 36. Qe2 Qxe2 37. Bxe2 Nc3 38. Bb5 Nxb5 39. axb5 Nd5 40. Bc5 Nc3 41. Bxa7 Nxb5 42. Bc5 f5 43. f3 h5 44. Kf2 Kf7 45. Ke3 Nc7 46. Bd6 Nd5+ 47. Kd3 g6 48. Be5 Ke7 49. h3 Kd7 50. h4 Kc6 51. Bb8 Ne7 52. Kc4 Nd5 53. Kd3 Kd7 54. Be5 Ke7 55. Kc4 Kf7 56. Kd3 Kf8 57. Kc4 Kg8 58. Kd3 Kh7 59. Kc4 Kg8 60. Kd3 Kf7 61. Kc4 Ke7 62. Kd3 Nb4+ 63. Ke3 Nc6 64. Kf4 Kf7 65. Ke3 Ne7 66. Kd3 Ke8 67. Bd6 Nc6 68. Ke3 Nd8 69. Be5 Nf7 70. Bf6 Nd6 71. Be5 Nb5 72. Kd3 Kd7 73. Ke3 Nc3 74. Kf4 Ke7 75. g4 fxg4 76. fxg4 hxg4 77. Kxg4 Kf7 78. Kf3 Nd5 79. Kg4 Ne3+ 80. Kg5 Nd5 81. Kg4 Ne7 82. h5 gxh5+ 83. Kxh5 Nd5 84. Kg5 Ke7 85. Kg6 Kd7 86. Kf7 Nb4 87. Kf6 Nc6 88. Kf7 Nb4 89. Kf6 1/2-1/2

[Event "New York Spring IM-C"]
[Site "New York"]
[Date "2022.04.14"]
[Round "1"]
[White "Antova, Gabriela"]
[Black "Jakovljevic, Vlado"]
[Result "0-1"]
[WhiteElo "2282"]
[BlackElo "2353"]
[PlyCount "106"]
[EventDate "2022.04.14"]
[EventType "tourn"]
[EventRounds "9"]
[EventCountry "USA"]
[SourceTitle "CBM 207 Extra"]
[Source "ChessBase"]
[SourceDate "2022.05.31"]
[SourceVersion "1"]
[SourceVersionDate "2022.05.31"]
[SourceQuality "1"]

1. d4 d5 2. c4 e6 3. Nf3 Nf6 4. Nc3 Be7 5. Bf4 0-0 6. e3 b6 7. cxd5 Nxd5 8. Nxd5 exd5 9. Bd3 c5 10. 0-0 Nc6 11. Rc1 c4 12. Bb1 Be6 13. Qe2 Qd7 14. e4 b5 15. Rcd1 Rfe8 16. Ng5 Bxg5 17. Bxg5 Bf5 18. f3 f6 19. Bh4 dxe4 20. Bxe4 Nb4 21. a3 Nd3 22. Bf2 Bxe4 23. fxe4 Qc6 24. e5 fxe5 25. dxe5 Rxe5 26. Qg4 Re4 27. Qg3 Qe6 28. h3 a6 29. Ba7 h6 30. b3 Kh7 31. bxc4 bxc4 32. Qc7 Rc8 33. Qb7 Qc6 34. Qxc6 Rxc6 35. Rf7 c3 36. Rxd3 c2 37. Rf1 c1Q 38. Rxc1 Rc5 39. Rc2 Rxc2 40. Kh2 g6 41. Bd4 g5 42. Bc3 Re6 43. h4 gxh4 44. Rd7+ Kg6 45. Bd4 Rd2 46. Rg7+ Kh5 47. Bc3 Rc2 48. Bb4 Rg6 49. Rxg6 Kxg6 50. Kh3 Kh5 51. Be1 Rb2 52. Bb4 Rb3+ 53. Kh2 Kg4 0-1

[Event "Belgrade Premier League"]
[Site "Belgrade"]
[Date "2021.10.07"]
[Round "6.2"]
[White "Jakovljevic, Vlado"]
[Black "Djuric, Stefan"]
[Result "1-0"]
[WhiteElo "2336"]
[BlackElo "2306"]
[PlyCount "75"]
[EventDate "2021.10.01"]
[EventType "team-tourn"]
[EventRounds "11"]
[EventCountry "SRB"]
[SourceTitle "CBM 204 Extra"]
[Source "ChessBase"]
[SourceDate "2021.11.30"]
[SourceVersion "1"]
[SourceVersionDate "2021.11.30"]
[SourceQuality "1"]
[WhiteTeam "Belgrade Partizan"]
[BlackTeam "Belgrade Crvena Zvezda"]
[WhiteTeamCountry "SRB"]
[BlackTeamCountry "SRB"]

1. Nf3 Nf6 2. c4 c5 3. Nc3 b6 4. g3 Bb7 5. Bg2 g6 6. 0-0 Bg7 7. d4 cxd4 8. Qxd4 Nc6 9. Qf4 Rc8 10. Rb1 0-0 11. Rd1 h5 12. h3 d6 13. b3 a6 14. Bb2 b5 15. cxb5 axb5 16. Nxb5 d5 17. Ne5 Qb6 18. a4 Nxe5 19. Bxe5 Ne4 20. Bxg7 Kxg7 21. Bxe4 dxe4 22. Rd7 Rc5 23. Rxe7 Rf5 24. Qe3 Qxe3 25. fxe3 Bd5 26. Nd4 Rf6 27. Rd7 Ba8 28. Rf1 h4 29. g4 Rb8 30. g5 Rxf1+ 31. Kxf1 Re8 32. b4 Re5 33. b5 Bd5 34. b6 Rxg5 35. Rxd5 Rxd5 36. b7 Rd8 37. a5 g5 38. Kg2 1-0

[Event "Belgrade Premier League"]
[Site "Belgrade"]
[Date "2021.10.02"]
[Round "2.2"]
[White "Matic, Petar"]
[Black "Jakovljevic, Vlado"]
[Result "0-1"]
[WhiteElo "2151"]
[BlackElo "2336"]
[PlyCount "76"]
[EventDate "2021.10.01"]
[EventType "team-tourn"]
[EventRounds "11"]
[EventCountry "SRB"]
[SourceTitle "CBM 204 Extra"]
[Source "ChessBase"]
[SourceDate "2021.11.30"]
[SourceVersion "1"]
[SourceVersionDate "2021.11.30"]
[SourceQuality "1"]
[WhiteTeam "Belgrade Tehnicka Skola"]
[BlackTeam "Belgrade Partizan"]
[WhiteTeamCountry "SRB"]
[BlackTeamCountry "SRB"]

1. e4 c5 2. Nf3 e6 3. d4 cxd4 4. Nxd4 Nf6 5. Nc3 d6 6. Be3 a6 7. Qd2 b5 8. a3 Bb7 9. f3 Nbd7 10. g4 Nb6 11. 0-0-0 Rc8 12. Kb1 Nfd7 13. Bg5 Be7 14. Bxe7 Qxe7 15. Nb3 d5 16. Na5 Ba8 17. exd5 Nxd5 18. Nxd5 Bxd5 19. Qe3 Qc5 20. Qxc5 Rxc5 21. Be2 Nb6 22. Nb3 Rc7 23. Rhe1 g5 24. Nd4 Ke7 25. h4 h6 26. Rh1 Rcc8 27. Rh3 Bb7 28. Bd3 Ba8 29. Rdh1 Rhd8 30. Ne2 Nd7 31. Rf1 Ne5 32. hxg5 hxg5 33. Nc1 Rh8 34. Rg3 Rh2 35. c3 Rd8 36. Be2 Rd2 37. Re1 Nc4 38. Bxc4 Rxb2+ 0-1

[Event "Belgrade Premier League"]
[Site "Belgrade"]
[Date "2021.10.01"]
[Round "1.5"]
[White "Jakovljevic, Vlado"]
[Black "Srdic, Danilo"]
[Result "1/2-1/2"]
[WhiteElo "2336"]
[BlackElo "2138"]
[PlyCount "99"]
[EventDate "2021.10.01"]
[EventType "team-tourn"]
[EventRounds "11"]
[EventCountry "SRB"]
[SourceTitle "CBM 204 Extra"]
[Source "ChessBase"]
[SourceDate "2021.11.30"]
[SourceVersion "1"]
[SourceVersionDate "2021.11.30"]
[SourceQuality "1"]
[WhiteTeam "Belgrade Partizan"]
[BlackTeam "Mirijevo"]
[WhiteTeamCountry "SRB"]
[BlackTeamCountry "SRB"]

1. Nf3 Nf6 2. c4 e6 3. Nc3 d5 4. d4 Be7 5. Bg5 0-0 6. e3 h6 7. Bh4 b6 8. Be2 Bb7 9. Bxf6 Bxf6 10. cxd5 exd5 11. b4 c5 12. bxc5 bxc5 13. Rb1 Qa5 14. Qd2 Bc6 15. 0-0 c4 16. e4 dxe4 17. Nxe4 Bd8 18. Nc3 Bf6 19. Ne4 Bd8 20. Qxa5 Bxa5 21. Ned2 Bxd2 22. Nxd2 Rd8 23. Nxc4 Rxd4 24. Rfd1 Rxd1+ 25. Rxd1 Nd7 26. Na5 Ba4 27. Rd4 Nb6 28. Ba6 Re8 29. f3 Re5 30. Nc4 Nxc4 31. Bxc4 Bc6 32. Rd6 Be8 33. Ra6 Re7 34. Ra5 Kf8 35. Kf2 Rc7 36. Bb3 Re7 37. h4 Bc6 38. Kg3 Ke8 39. Kf4 Kd8 40. Rf5 Be8 41. Ra5 Bc6 42. g4 Rd7 43. Rf5 Rd3 44. Kg3 f6 45. Kf2 Kc7 46. Ke2 Rc3 47. Bd1 Kb6 48. Kf2 Rc5 49. Rf4 Bd5 50. Bb3 1/2-1/2